| 000 | 00480nam a2200133Ia 4500 | ||
|---|---|---|---|
| 008 | 170516s9999 xx 000 0 und d | ||
| 245 | 2 | _aA Multimodal System with Synergistic Effects of Magneto-Mechanical, Photothermal, Photodynamic and Chemo Therapies of Cancer in Graphene-Quantum Dot-Coated Hollow Magnetic Nanospheres | |
| 260 | _bTheranostics | ||
| 260 | _c2016 | ||
| 300 | _a6:4 | ||
| 650 | _xMedical Technology | ||
| 650 | _xMedtech | ||
| 856 | _uhttp://www.thno.org/v6i4 | ||
| 999 |
_c329921 _d329921 |
||